My Italian garden (Record no. 17635)

MARC details
000 -LEADER
fixed length control field 00681nam a2200229Ia 4500
008 - FIXED-LENGTH DATA ELEMENTS--GENERAL INFORMATION
fixed length control field 191130s2007##################000#0#eng##
020 ## - INTERNATIONAL STANDARD BOOK NUMBER
International Standard Book Number 9780767918251
022 ## - INTERNATIONAL STANDARD SERIAL NUMBER
International Standard Serial Number 2006030248
040 ## - CATALOGING SOURCE
Original cataloging agency ACL
Transcribing agency ACL
082 ## - DEWEY DECIMAL CLASSIFICATION NUMBER
Classification number 641.5945 LA
100 ## - MAIN ENTRY--PERSONAL NAME
Personal name La Place, Viana
245 ## - TITLE STATEMENT
Title My Italian garden
Statement of responsibility, etc. Viana La Place ; illustrations by Cindy Salans Rosenheim
250 ## - EDITION STATEMENT
Edition statement 1st ed
260 ## - PUBLICATION, DISTRIBUTION, ETC.
Place of publication, distribution, etc. New York
Name of publisher, distributor, etc. Broadway Books
Date of publication, distribution, etc. 2007
300 ## - PHYSICAL DESCRIPTION
Extent xi, 258 p. : col. ill. ; 21 cm
500 ## - GENERAL NOTE
General note Includes bibliographical references and index
650 ## - SUBJECT ADDED ENTRY--TOPICAL TERM
Topical term or geographic name entry element Cooking, Italian
Topical term or geographic name entry element Kitchen gardens
990 ## - EQUIVALENCES OR CROSS-REFERENCES [LOCAL, CANADA]
Link information for 9XX fields 7703cb3fac10000c4b85bd018dad70cd
991 ## -
-- 315950
Holdings
Withdrawn status Lost status Materials specified (bound volume or other part) Damaged status Not for loan Home library Current library Shelving location Date acquired Total Checkouts Full call number Barcode Date last seen Price effective from Koha item type
    pbk     Anna Centenary Library Anna Centenary Library 6TH FLOOR, A WING 09.10.2020   641.5945 LA 505524 09.02.2026 09.10.2020 English Books

Find us on the map